LEADER 01340cam2 22002531 450 001 SOBE00039206 005 20140120091433.0 100 $a20140120d1942 |||||ita|0103 ba 101 $afre 102 $aFR 200 1 $a<<2:>>Polyeucte. Pompée. Le menteur. La suite du menteur. Rodogune. Théodore vierge et martyre. Héraclius. Andromède. Don Sanche d'Aragon. Nicomède. Pertharite$f[Corneille] 210 $aParis$cGarnier$d1942 215 $a814 p.$d19 cm 461 1$1001SOBE00039202$12001 $aThéatre complet de Corneille ; texte établi sur l'édition de 1682 avec les principales variantes, une introduction, des notices, des notes et un glossaire par Maurice Rat 700 1$aCorneille$b, Pierre$3AF00007864$4070$0131516 801 0$aIT$bUNISOB$c20140120$gRICA 850 $aUNISOB 852 $aUNISOB$j3|B$m12342|ort 912 $aSOBE00039206 940 $aM 102 Monografia moderna SBN 941 $aM 957 $xFondo|Ortolani$a3|B$b004$i-29.2$fmodalità di consultazione sulla home page della Biblioteca link Fondi$gNO$d12342|ort$hOrtolaniS$rdono$1calvano123$2UNISOB$3UNISOB$420140120090051.0$520140120091235.0$6calvano123 996 $aPolyeucte. Pompée. Le menteur. La suite du menteur. Rodogune. Théodore vierge et martyre. Héraclius. Andromède. Don Sanche d'Aragon. Nicomède. Pertharite$91713190 997 $aUNISOB LEADER 01452nam 2200325Ia 450 001 996388360903316 005 20200824125312.0 035 $a(CKB)1000000000645504 035 $a(EEBO)2240849473 035 $a(OCoLC)ocm12850097e 035 $a(OCoLC)12850097 035 $a(EXLCZ)991000000000645504 100 $a19851126d1659 uy | 101 0 $aeng 135 $aurbn||||a|bb| 200 10$aPræces principum, or, The president of illustrious princes$b[electronic resource] $ehistorically, theologically, and politically displaying the life and reigne of that most magnificent and majestick prince, Edward the 4th : vvith exact narratives of the bloody contests betwixt him and Henry the 6th, about the crowne of England : wherein is discovered the just judgments of the Almighty, who permitted perjury to unbuild the greatnesse of Lancaster, which was at first built by perjury /$fby VV.H., Esq 210 $aLondon $cPrinted for John Place ...$d1659 215 $a[4], 232 p 300 $aAnother issue with cancel t.p. of The historie of Edward the Fourth, 1640. 300 $aReproduction of original in Huntington Library. 330 $aeebo-0113 700 $aHabington$b William$f1605-1654.$01008566 801 0$bEAA 801 1$bEAA 801 2$bm/c 801 2$bWaOLN 906 $aBOOK 912 $a996388360903316 996 $aPræces principum, or, The president of illustrious princes$92354610 997 $aUNISA LEADER 02334nls 2200553-- 450 001 996531772603316 005 20230606115228.0 011 $a1955-2580 100 $a20750709a18949999 --- b 101 0 $afre 135 $adrcn ---uucuu 200 1 $a<> année psychologique 210 1 $a[Paris]$cParis Descartes 225 0 $a1920/21-49: Bibliothèque de philosophie contemporaine 300 $aAt head of title: 1894-1903, Laboratoire de psychologie physiologique de la Sorbonne (Hautes-Études). 300 $aVols. for 1920/21-49 have at head of title: Bibliothèque de philosophie contemporaine. 300 $aEditors: 1894-1911, A. Binet (with H.E. Beaunis, 1894-95; L. des Bancels, T. Simon, 1909-11)--1912, L. des Bancels, T. Simon.--1913- H. Piéron. 300 $aDirecteur scientifique : Ludovic Ferrand; Directeur de la rédaction <-June 2012>: Serge Nicolas. 300 $aImprint varies: Paris, Presses universitaires de France, <1894-> 300 $aPublisher appears on issues for <2003> as "Presses universitaires de Rance." 300 $aRefereed/Peer-reviewed 606 0 $aPsychology$xPeriodici$2BNCF$xPeriodici 606 0 $aPhilosophy$xPeriodici$2BNCF 606 0 $aPsychology$xPeriodici$2BNCF 606 0 $aPsychology$xPeriodici$2BNCF 606 0 $aPsychologie$xPeriodici$2BNCF 606 0 $aPhilosophie$xPeriodici$2BNCF 606 0 $aPsychologie$xPeriodici$2BNCF 606 0 $apsychology$2aat$xPeriodici 606 0 $aPsicologia$2lemac$xPeriodici 606 0 $aPsychology$2nli$xPeriodici 676 $a150/.5 701 $aBinet$bAlfred$f1857-1911.$0177997 701 $aBeaunis$bHenri Étienne$f1830-1921.$0177467 701 $aDes Bancels$bLarguier$0247314 701 $aSimon$bThéodore$f1873-$01021801 701 $aPiéron$bHenri$f1881-1964.$0396893 701 $aNicolas$bSerge$01021802 701 $aFerrand$bLudovic$01021803 712 01$aÉcole pratique des hautes études (France).$bLaboratoire de psychologie physiologique. 712 01$aCentre national de la recherche scientifique (France) 712 01$aCentre national du livre (France) 801 $aIT$bcba$gREICAT 912 $a996531772603316 920 $aexl_impl conversion 959 $aEJ 969 $aER 996 $aAnnée psychologique$93365911 997 $aUNISA